00870nam a22002177a 450000500170000001000150001702000260003203500140005803700090007208200180008124500970009926000430019627000750023930000190031470000370033370000350037070000340040594200310043999900190047095201630048920241205113322.0 aENG-142838 a9789387871151c225.00 aEN-126370 bDBAD a333.790954021 aNational Conference on Energy and environment Nconee'18/cEdited by M. Muthukannan...[et.al] aTamil NadubShanlax publicationsc2023 a61, 66 T.P.K. Main Road, Vasantha Nagar, bMadurai, Tamil Nadue625003 a75p.c28cm(pb) aGaneshmoorthy, V.eAuthor974718 aV. Dinesh KumareAuthor974719 aK. VijayrakesheAuthor974720 2ddccENh33.790954021mNAT c207423d207423 001040708NFICaZLSbZLSd2024-12-05eDelivery of Books Act Divisiong250.00l0o337.90954021 NATpEN-126370r2024-12-05 00:00:00t1v250.00w2024-12-05yEN